| 000 | 00866nam a22002417a 4500 | ||
|---|---|---|---|
| 003 | dpl | ||
| 005 | 20260418140357.0 | ||
| 008 | 240327b |||||||| |||| 00| 0 eng d | ||
| 010 | _aB-758540 | ||
| 020 |
_a9789359596815 _c350.00 |
||
| 024 | _c350.00 | ||
| 037 | _adpl | ||
| 040 |
_cMalyala Manorama Press _aMalyala Manorama Press |
||
| 050 | _a050 MAN | ||
| 082 | _a050 MAN | ||
| 245 |
_aManorama Yearbook 2024/ _cEdited by Mathew, Mammen |
||
| 260 |
_aKottayam _bMalyala Manorama Press _c2024 |
||
| 270 |
_aMalyala Manorama Press _bKottayam _e686001 _k2563646 _l91-4812562479 _myeabook@mm.co.in |
||
| 300 |
_a1006p. _c22 cm (pbk) |
||
| 700 |
_aPhilip Mathew _963989 |
||
| 942 |
_2ddc _cRF _h050 _kMAN |
||
| 999 |
_c201809 _d201809 |
||